<?xml version="1.0" encoding="UTF-8"?><?xml-stylesheet type="text/xsl" href="static/style.xsl"?><OAI-PMH xmlns="http://www.openarchives.org/OAI/2.0/" xmlns:xsi="http://www.w3.org/2001/XMLSchema-instance" xsi:schemaLocation="http://www.openarchives.org/OAI/2.0/ http://www.openarchives.org/OAI/2.0/OAI-PMH.xsd"><responseDate>2026-04-28T19:48:24Z</responseDate><request verb="GetRecord" identifier="oai:uvadoc.uva.es:10324/54835" metadataPrefix="marc">https://uvadoc.uva.es/oai/request</request><GetRecord><record><header><identifier>oai:uvadoc.uva.es:10324/54835</identifier><datestamp>2022-09-05T08:42:43Z</datestamp><setSpec>com_10324_38</setSpec><setSpec>col_10324_852</setSpec></header><metadata><record xmlns="http://www.loc.gov/MARC21/slim" xmlns:doc="http://www.lyncode.com/xoai" xmlns:xsi="http://www.w3.org/2001/XMLSchema-instance" xmlns:dcterms="http://purl.org/dc/terms/" xsi:schemaLocation="http://www.loc.gov/MARC21/slim http://www.loc.gov/standards/marcxml/schema/MARC21slim.xsd">
<leader>00925njm 22002777a 4500</leader>
<datafield tag="042" ind1=" " ind2=" ">
<subfield code="a">dc</subfield>
</datafield>
<datafield tag="720" ind1=" " ind2=" ">
<subfield code="a">López-Caniego Alcarria, José Luis</subfield>
<subfield code="e">author</subfield>
</datafield>
<datafield tag="260" ind1=" " ind2=" ">
<subfield code="c">2022</subfield>
</datafield>
<datafield tag="520" ind1=" " ind2=" ">
<subfield code="a">La actividad publicitaria ha estado y está fuertemente ligada a internet y a sus&#xd;
evoluciones. La experiencia resultante de la elaboración de este trabajo de fin&#xd;
de grado permitirá en el futuro poder desarrollar campañas publicitarias, no solamente&#xd;
con empresas del sector turístico sino también con el resto de compañías y&#xd;
organizaciones públicas y privadas, que puedan encontrar en la web descentralizada&#xd;
un nuevo modelo para la comunicación y promoción que demandan en su actividad&#xd;
particular.</subfield>
</datafield>
<datafield tag="024" ind2=" " ind1="8">
<subfield code="a">https://uvadoc.uva.es/handle/10324/54835</subfield>
</datafield>
<datafield tag="245" ind1="0" ind2="0">
<subfield code="a">Activos no fungibles (NFT's) en la Web3. Oportunidades para la comunicación  comercial del sector turístico de Segovia</subfield>
</datafield>
</record></metadata></record></GetRecord></OAI-PMH>